00388nam a2200121Ia 45000010005000000080041000050820020000461000061000662450049001272600048001769010027002249990015002513050241024s9999 xx 000 0 und d aRD/618.07/R426e aRepública Dominicana.Ministerio de Educación. MINERD 0aEstratégia de pares para la capacitación bSanto Domingo, República Dominicanac2012 a23/7/2013 9:27:58 a.m. c8058d8058